Countries Closest to the Caspian Sea - Statistics

General Stats
  • This quiz has been taken 16 times
  • The average score is 18 of 20
Answer Stats
km country miles % Correct
0 Azerbaijan 0
100%
146 Georgia 91
100%
0 Iran 0
100%
603 Iraq 603
100%
0 Russia 0
100%
276 Turkey 171
100%
0 Turkmenistan 0
100%
302 Uzbekistan 188
100%
197 Armenia 122
94%
0 Kazakhstan 0
94%
654 Ukraine 406
94%
947 Belarus 589
81%
912 Moldova 567
81%
852 Romania 529
81%
748 Syria 465
81%
903 Bulgaria 561
75%
1096 Greece 681
75%
548 Afghanistan 341
69%
701 Pakistan 436
69%
1004 Saudi Arabia 622
69%
No matching quizzes found
Score Distribution
Percent of People with Each Score
Percentile by Number Answered
Your Score History
You have not taken this quiz